000 00560nam a22002297a 4500
003 UA-OsUOA
001 49742
007 ta
008 20071011b un ||||| |||| 00| 0 ukr d
100 _aЗупанчич Б.
090 _a821
_bЗ-94
942 _cBK
040 _aUA-OsUOA
_bukr
_cUA-OsUOA
_dUA-OsUOA
245 _aПоминки
300 _a241 с.
955 _a3
041 _aukr
080 _a821
260 _aМ.
_bПпрогрес
_c1964
650 7 _a82 Література. Літературознавство
_2UDC
999 _c335843
_d335843